Ngày 27-4-1975 Giải phóng BaÌ€ RiÌ£a và tỉnh Phước Tuy

Spremljeno u:
Bibliografski detalji
Glavni autor: Hồ, Sơn Đài
Format: Knjiga
Jezik:Undetermined
Teme:
Online pristup:http://lrc.tdmu.edu.vn/opac/search/detail.asp?aID=2&ID=23628
Oznake: Dodaj oznaku
Bez oznaka, Budi prvi tko označuje ovaj zapis!
Thư viện lưu trữ: Trung tâm Học liệu Trường Đại học Thủ Dầu Một
LEADER 00740nam a2200145Ia 4500
001 TDMU_23628
008 210410s9999 xx 000 0 und d
082 |a 959.704 
100 |a Hồ, Sơn Đài 
245 0 |a Ngày 27-4-1975 Giải phóng BaÌ€ RiÌ£a và tỉnh Phước Tuy 
245 0 |c Hồ Sơn Đài 
300 |a 2tr 
650 |a Lịch sử ; Kháng chiến chống Mỹ ; Giải phóng BaÌ€ RiÌ£a - Vũng Tàu ; Tỉnh Phước Tuy ; Bộ Tư lệnh Quân chủng Phòng không - Không quân ; Sân bay Tân Sơn Nhất 
856 |u http://lrc.tdmu.edu.vn/opac/search/detail.asp?aID=2&ID=23628 
980 |a Trung tâm Học liệu Trường Đại học Thủ Dầu Một